Groundnut marketing: a study of cooperative and private trade channels (Record no. 352140)

000 -LEADER
fixed length control field 00576cam a22001577a 4500
008 - FIXED-LENGTH DATA ELEMENTS--GENERAL INFORMATION
fixed length control field 180718b1982 xxu||||| |||| 00| 0 eng d
082 ## - DEWEY DECIMAL CLASSIFICATION NUMBER
Classification number Z465x5451 R15
100 ## - MAIN ENTRY--PERSONAL NAME
Personal name Ranade, C.G.
245 ## - TITLE STATEMENT
Title Groundnut marketing: a study of cooperative and private trade channels
Statement of responsibility, etc. by C.G. Ranade, K.H. Rao and D.C. Sah
260 ## - PUBLICATION, DISTRIBUTION, ETC.
Place of publication, distribution, etc. Ahmedabad
Name of publisher, distributor, etc. Institute of Management, Centre for Mangement in Agricultural
Date of publication, distribution, etc. 1982
300 ## - PHYSICAL DESCRIPTION
Extent 87p.
440 ## - SERIES STATEMENT/ADDED ENTRY--TITLE
Title CMA Monography, No.22
650 ## - SUBJECT ADDED ENTRY--TOPICAL TERM
Topical term or geographic name entry element Agricultural marketing cooperative - India - Andhra Pradesh
700 ## - ADDED ENTRY--PERSONAL NAME
Personal name Sah, D.C.
700 ## - ADDED ENTRY--PERSONAL NAME
Personal name Rao, K.H.
Holdings
Withdrawn status Lost status Damaged status Not for loan Permanent Location Current Location Date acquired Full call number Barcode Date last seen Price effective from Koha item type
        Indian Institute of Public Administration Indian Institute of Public Administration 1993-11-19 Z465x5451 R15 58729 2018-07-21 2018-07-21 Book

Powered by Koha